LEADER 01033nam0-2200349---450 001 990008579610403321 005 20190722120355.0 010 $a978-88-506-5247-1 035 $a000857961 035 $aFED01000857961 035 $a(Aleph)000857961FED01 035 $a000857961 100 $a20071109d2007----km-y0itay50------ba 101 0 $aita 102 $aIT 105 $aa-------001yy 200 1 $aAlimenti sicuri$ela guida per il consumatore dal supermercato alla tavola$fMaria Zemira Nociti, Paolo Macao 210 $aBologna$cEdagricole$dc2007 215 $aVII, 108 p.$cill.$d21 cm 610 0 $aProdotti alimentari$aEtichette 610 0 $aAlimenti$aSicurezza 676 $a664.07$v20$zita 676 $a343.082$v20$zita 700 1$aNociti,$bMaria Zemira$0766029 701 1$aMacao,$bPaolo$0428731 801 0$aIT$bUNINA$gRICA$2UNIMARC 901 $aBK 912 $a990008579610403321 952 $a60 664.07 NOCM 2007$b10955$fFAGBC 959 $aFAGBC 996 $aAlimenti sicuri$91558049 997 $aUNINA LEADER 00861nam a2200265 i 4500 001 991000428149707536 005 20241104152021.0 008 010104s1964 it ||| | ita 035 $ab10698991-39ule_inst 035 $aEXGIL145328$9ExL 040 $aBiblioteca Interfacoltà$bita$dSocioculturale Scs 041 0 $aita 082 0 $a851.91$223 100 1 $aSanguineti, Edoardo$039564 245 10$aTriperuno /$cEdoardo Sanguineti 260 $aMilano :$bFeltrinelli,$c1964 300 $a88 p. ;$c22 cm. 490 1 $aPoesia ;$v4 830 0$aPoesia ;$v4 907 $a.b10698991$b23-02-17$c28-06-02 912 $a991000428149707536 945 $aLE002 It. VIII L 3$g1$i2002000963994$lle002$o-$pE0.00$q-$rl$s-$t0$u0$v0$w0$x0$y.i10793847$z28-06-02 996 $aTriperuno$9909462 997 $aUNISALENTO 998 $ale002$b01-01-01$cm$da$e-$fita$git$h0$i1